Northeast India: (Record no. 29507)

MARC details
000 -LEADER
fixed length control field 01215nam a22003137a 4500
005 - DATE AND TIME OF LATEST TRANSACTION
control field 20090824121555.0
008 - FIXED-LENGTH DATA ELEMENTS--GENERAL INFORMATION
fixed length control field 090824t xxu||||| |||| 00| 0 eng d
010 ## - LCCN (DPL NO)
LC control number ENG-94849
020 ## - INTERNATIONAL STANDARD BOOK NUMBER
International Standard Book Number 8183640117
Terms of availability 495.00
035 ## - SYSTEM CONTROL NUMBER
System control number EN-78382
037 ## - SOURCE OF ACQUISITION
Source of stock number/acquisition DBAD / PUB
040 ## - CATALOGING SOURCE
Original cataloging agency dpl
Language of cataloging English
082 ## - DEWEY DECIMAL CLASSIFICATION NUMBER
Classification number 954.5
100 ## - MAIN ENTRY--PERSONAL NAME
Personal name Roy, Ramashray
245 ## - TITLE STATEMENT
Title Northeast India:
Statement of responsibility, etc by Ramashray Roy, Sujata Miri [and] Sandhya Goswami
Remainder of title development, communalism and insurgency /
260 ## - PUBLICATION, DISTRIBUTION, ETC. (IMPRINT)
Place of publication, distribution, etc Delhi
Name of publisher, distributor, etc Anshah Publishing House
Date of publication, distribution, etc 2007
270 ## - ADDRESS
Address H4-03, Mayurdhwaj, 60 I P Extention,
City Delhi
Postal code 110092
300 ## - PHYSICAL DESCRIPTION
Extent v, 213p.
Dimensions 23cm(Hb)
500 ## - GENERAL NOTE
General note Includes index
520 ## - SUMMARY, ETC.
Summary, etc Specially focussing on Assam and Meghalaya.
650 ## - SUBJECT ADDED ENTRY--TOPICAL TERM
Topical term or geographic name as entry element Insurgency
Geographic subdivision India
-- Assam
650 ## - SUBJECT ADDED ENTRY--TOPICAL TERM
Topical term or geographic name as entry element Insurgency
Geographic subdivision India
-- Meghalaya.
651 ## - SUBJECT ADDED ENTRY--GEOGRAPHIC NAME
Geographic name Assam (India)
General subdivision Politics and government
651 ## - SUBJECT ADDED ENTRY--GEOGRAPHIC NAME
Geographic name Meghalaya (India)
General subdivision Politics and government
700 ## - ADDED ENTRY--PERSONAL NAME
Personal name Miri, Sujata
700 ## - ADDED ENTRY--PERSONAL NAME
Personal name Goswami, Sandhya
942 ## - ADDED ENTRY ELEMENTS (KOHA)
Source of classification or shelving scheme Dewey Decimal Classification
Item type English Books
Call number suffix ROY
Classification part 954.5
Holdings
Withdrawn status Lost status Source of classification or shelving scheme Damaged status Not for loan Collection code Home library Current library Date acquired Source of acquisition Cost, normal purchase price Total Checkouts Full call number Barcode Date last seen Copy number Cost, replacement price Koha item type
    Dewey Decimal Classification   Not For Loan Non-fiction D.B.Act.Division D.B.Act.Division 24/08/2009 DBAD / PUB 495.00   954.5 ROY EN-78382 24/08/2009 1 495.00 English Books

© Delhi Public Library
Hit Counter
free hit counter